Daň z pridanej hodnoty otázky a odpovede

Salvato in:
Dettagli Bibliografici
Autore principale: Drozd, Marián
Natura: Libro
Lingua:slovacco
Pubblicazione: Bratislava Wolters Kluwer SR 2020
Edizione:1. vydanie
Soggetti:
Tags: Aggiungi Tag
Nessun Tag, puoi essere il primo ad aggiungerne!!

MARC

LEADER 00000nam a2200000 4500
001 0263782
005 20240321131223.4
020 |a 978-80-571-0203-8 
041 0 |a slo 
044 |a SK 
245 1 0 |a Daň z pridanej hodnoty  |b otázky a odpovede  |c Marián Drozd 
250 |a 1. vydanie 
264 1 |a Bratislava  |b Wolters Kluwer SR  |c 2020 
300 |a 295 s. 
610 2 0 |a politika daňová 
610 2 0 |a dane z hodnoty pridanej 
610 2 0 |a nehnuteľnosti 
610 2 0 |a prenájom 
610 2 0 |a lízing 
610 2 0 |a pohyb tovaru 
610 2 0 |a živnosti 
610 2 0 |a kancelárie 
610 2 0 |a priznania daňové 
610 2 0 |a poradenstvo 
100 1 |a Drozd, Marián